00322nam a2200121Ia 450000500170000000800410001702000180005808200230007610000300009924500230012926000350015230000130018720250312105514.0231217s9999 xx 000 0 und d a9788131703076 a001.6424C DEI1;25 aDeitel, H M. Deitel, P J. 0aC : How to program c2002bPearson EducationaDelhi alvi+1568